000 00896 a2200445 4500
000 BKB
001 069716
005 20200902150337.0
008
010 _a
020 _a
082 _a658.812
_bH88C
100 1 _aHumphrey, Doris D.
110 _a
245 1 _a21st century business customer service
_cby Doris D. Humphrey
250 _a2nd ed.
260 _aAustralia
_bCengage Learning
_c2011
300 _a182p.
490 _a
_v
500 _a
600 _a
610 _a
611 _a
630 _a
650 _a
651 _a
654 _a
690 _aCustomer relations; Customer services
700 _a
_b
_c
710 _a
_b
_c
711 _a
720 _a
730 _a
740 _a
752 _a
856 _a
_d
_f
904 _a
964 _a
_b
_c
_d
_e
_f
_g
965 _a
999 _c3256
_d3256